| 000 | 00894nam a22002417a 4500 | ||
|---|---|---|---|
| 005 | 20240708154336.0 | ||
| 010 | _aENG-140825 | ||
| 020 |
_c350.00 _a9789394899544 |
||
| 035 | _aEN-124357 | ||
| 037 | _bDBAD | ||
| 082 |
_a005.7 _21 |
||
| 100 |
_aSrinivasulu, Asadi _968233 |
||
| 245 |
_aData Science/ _cby Asadi Srinivasulu , Nikhat Akhtar, T. Haritha, [and] Ramakrishna Hegde |
||
| 250 | _a1 | ||
| 260 |
_aTamil Nadu, India _bShanlax Publications _c2022 |
||
| 270 |
_bTamil Nadu _aShanlax Publications, Vasantha Nagar, Madurai, Tamil Nadu _e625003 _mwww.shanlaxpublications.com _mpublisher@shanlaxpublications.com |
||
| 300 |
_a224p. _c24cm (pb) |
||
| 700 |
_aSrinivasulu, Asadi _eAuthor _968234 |
||
| 700 |
_aAkhtar, Nikhat _eAuthor _968235 |
||
| 700 |
_aHaritha, T. _eAuthor _968236 |
||
| 700 |
_aHegde, Ramakrishna _eAuthor _968237 |
||
| 942 |
_2ddc _cEN _h005.7 _mSRI _e1 |
||
| 999 |
_c204018 _d204018 |
||